Девушка из кошмаров: [роман]

Detalhes bibliográficos
Autor principal: Блейк К. Кендари
Outros Autores: Кузнецова А. А. (переводчик)
Resumo:"Отпусти ее, — говорят мне. — Смирись. Оставь прошлое в прошлом". Некоторые даже считают, что Анна Корлов заслуживает своей участи. Что ад — как раз то место, где ей следует быть. В конце концов, она же убивала людей... Но я думаю по-другому. Анна совершала преступления не по своей воле. И она пожертвовала собой, спасая меня и моих друзей. Я просто не могу от нее отвернуться. И если для того, чтобы помочь ей, нужно найти путь из нашего мира в преисподнюю, — что ж, я это сделаю. Неважно, сколько раз я услышу, что это невозможно.
Idioma:russo
Publicado em: Москва, Эксмо, 2017
Colecção:Young adult. Истории, леденящие кровь
Assuntos:
Formato: MixedMaterials Livro
KOHA link:https://koha.lib.tpu.ru/cgi-bin/koha/opac-detail.pl?biblionumber=681363

MARC

LEADER 00000nam0a2200000 4500
001 681363
005 20250926142302.0
010 |a 978-5-699-89722-3 
090 |a 681363 
100 |a 20250825d2017 m||y0rusy50 ca 
101 1 |a rus  |c eng 
102 |a RU 
105 |a y z 000ay 
181 0 |a i   |b  e  
182 0 |a n 
183 0 |a nc  |2 RDAcarrier 
200 1 |a Девушка из кошмаров  |e [роман]  |f Кендари Блейк  |g пер. с англ. А. А. Кузнецовой 
203 |a Текст  |b визуальный  |c непосредственный 
210 |a Москва  |c Эксмо  |d 2017 
215 |a 382 с. 
225 1 |a Young adult. Истории, леденящие кровь 
283 |a volume  |2 RDAcarrier 
330 |a "Отпусти ее, — говорят мне. — Смирись. Оставь прошлое в прошлом". Некоторые даже считают, что Анна Корлов заслуживает своей участи. Что ад — как раз то место, где ей следует быть. В конце концов, она же убивала людей... Но я думаю по-другому. Анна совершала преступления не по своей воле. И она пожертвовала собой, спасая меня и моих друзей. Я просто не могу от нее отвернуться. И если для того, чтобы помочь ей, нужно найти путь из нашего мира в преисподнюю, — что ж, я это сделаю. Неважно, сколько раз я услышу, что это невозможно. 
606 |a Американская литература (англо-язычная литература)  |9 52349 
610 1 |a художественная литература 
610 1 |a фэнтези 
610 1 |a романы 
610 1 |a проза 
675 1 |a 82  |v 4 
700 1 |a Блейк  |b К.  |g Кендари 
702 1 |4 730  |a Кузнецова  |b А. А. 
801 0 |a RU  |b 63413507  |c 20250826 
942 |c BK